Classifica Marcatori Bundesliga 2020-2021 - Statistics

Statistiche generali
  • Questo quiz è stato fatto 16 volte
  • Il punteggio medio è 8 su 16
Statistiche sulle risposte
Gol Nazione Squadra Calciatore % Corretto
27 Norvegia Borussia Dortmund Erling Haaland
100%
41 Polonia Bayern Monaco Robert Lewandowski
100%
20 Croazia Hoffenheim Andrej Kramarić
81%
9 Repubblica Ceca Bayer Leverkusen Patrik Schick
81%
28 Portogallo Eintracht Francoforte André Silva
75%
10 Germania Bayern Monaco Serge Gnabry
75%
11 Germania Bayern Monaco Thomas Müller
75%
9 Italia Friburgo Vincenzo Grifo
75%
9 Giamaica Bayer Leverkusen Leon Bailey
31%
16 Austria Stoccarda Saša Kalajdžić
31%
20 Paesi Bassi Wolfsburg Wout Weghorst
31%
14 Germania Borussia Mönchengladbach Lars Stindl
25%
9 Togo Hoffenheim Ihlas Bebou
19%
11 Germania Union Berlino Max Kruse
19%
11 Argentina Bayer Leverkusen Lucas Alario
13%
11 Repubblica Democratica del Congo Stoccarda Silas Katompa Mvumpa
13%
Nessun quiz corrispondente trovato
Distribuzione punteggi
Percentuale di utenti per punteggio
Percentile per numero di risposta
I tuoi punteggi nel tempo
Non hai fatto questo quiz